Villes de France - Mort subite - Statistiques

Statistiques générales
  • Ce quiz a été pris 7 741 fois
  • Le résultat moyen est 8 sur 18
Answers on the Grid
Answers color-coded by a green-red scale on the quiz's grid according to % correct below.
Courmayeur
Aix-la-Chapelle
Rennes
Mouscron
Laon
Avignon
Strasbourg
Bâle
Dunkerque
Angers
Genève
Megève
Anvers
Charleroi
Port-au-Prince
Lucerne
Lausanne
Neuchâtel
Louvain
Porto-Vecchio
Arras
Malines
Douai
Liévin
Fribourg
Versailles
Thionville
Aix-les-Bains
Tournai
Montreux
Montreuil
Saint-Sébastien
Saint-Étienne
Gand
Gap
Rodez
 
Statistiques - réponses
Réponse % Correct
Angers
61%
Rennes
61%
Strasbourg
61%
Versailles
60%
Avignon
59%
Saint-Étienne
58%
Dunkerque
56%
Arras
49%
Montreuil
45%
Rodez
45%
Aix-les-Bains
44%
Gap
43%
Douai
38%
Porto-Vecchio
38%
Thionville
36%
Laon
25%
Megève
18%
Liévin
11%
Aucun quiz correspondant
Distribution des résultats
% des personnes avec chaque résultat
Percentile par nombre de réponses
Votre historique - résultats
Vous n’avez pas pris ce quiz